MARC details
| 000 -CABECERA |
| campo de control de longitud fija |
04406nam a2200433 a 4500 |
| 003 - IDENTIFICADOR DEL NÚMERO DE CONTROL |
| campo de control |
CHAP |
| 005 - FECHA Y HORA DE LA ÚLTIMA TRANSACCIÓN |
| campo de control |
20250701180646.0 |
| 007 - CAMPO FIJO DE DESCRIPCIÓN FÍSICA--INFORMACIÓN GENERAL |
| campo de control de longitud fija |
ta |
| 008 - DATOS DE LONGITUD FIJA--INFORMACIÓN GENERAL |
| campo de control de longitud fija |
250701s2024 mx abdofr|||| 001 0 spa d |
| 040 ## - FUENTE DE LA CATALOGACIÓN |
| Centro catalogador/agencia de origen |
mxchpua |
| Centro/agencia transcriptor |
CHAP |
| Normas de descripción |
rda |
| 041 ## - CÓDIGO DE LENGUA |
| Código de lengua del texto/banda sonora o título independiente |
spa |
| Código de lengua del sumario o resumen |
spa |
| Código de lengua de la tabla de contenido |
spa |
| Código de lengua original |
spa |
| 050 10 - SIGNATURA TOPOGRÁFICA DE LA BIBLIOTECA DEL CONGRESO |
| Número de clasificación |
HV6322.3M49 |
| Número de documento/Ítem |
.I54 2024 |
| 082 00 - NÚMERO DE LA CLASIFICACIÓN DECIMAL DEWEY |
| Número de edición |
20 |
| Número de clasificación |
C 345.05297273 |
| Número de documento/Ítem |
I54 2024 |
| 245 14 - MENCIÓN DE TÍTULO |
| Título |
3er Informe de la Presidencia de la Comisión para la Verdad y Acceso a la Justicia del caso de Ayotzinapa / |
| Mención de responsabilidad, etc. |
Comisión de la Verdad y Acceso a la Justicia del Caso Ayotzinapa |
| 250 ## - MENCIÓN DE EDICIÓN |
| Mención de edición |
1a edición |
| 264 ## - PRODUCCIÓN, PUBLICACIÓN, DISTRIBUCIÓN, FABRICACIÓN Y COPYRIGHT |
| Producción, publicación, distribución, fabricación y copyright |
México : |
| Nombre del de productor, editor, distribuidor, fabricante |
Gobierno de México. Secretaría de Gobernación, |
| Fecha de producción, publicación, distribución, fabricación o copyright |
2024 |
| 300 ## - DESCRIPCIÓN FÍSICA |
| Extensión |
6 volúmenes : |
| Otras características físicas |
ilustraciones, gráficas, diagramas, tablas, fotos |
| 336 ## - TIPO DE CONTENIDO |
| Fuente |
rdacontent |
| Término de tipo de contenido |
texto |
| Código de tipo de contenido |
txt |
| 337 ## - TIPO DE MEDIO |
| Fuente |
rdamedia |
| Nombre/término del tipo de medio |
sin medio |
| Código del tipo de medio |
n |
| 338 ## - TIPO DE SOPORTE |
| Fuente |
rdacarrier |
| Nombre/término del tipo de soporte |
volumen |
| Código del tipo de soporte |
nc |
| 500 ## - NOTA GENERAL |
| Nota general |
Contiene un ejemplar del Informe y 5 ejemplares de Anexos |
| 505 0# - NOTA DE CONTENIDO CON FORMATO |
| Nota de contenido con formato |
INFORME --<br/>Introducción --<br/>1. Búsqueda en campo --<br/>2. Procesos de identificación humana --<br/>3. Verdad y justicia --<br/>4. Extradiciones --<br/>5. Ruptura del pacto de lealtad criminal --<br/>6. Impacto de la sentencia 203-2017 --<br/>7. Folios CRFI --<br/>8. Sesiones de trabajo --<br/>Conclusión |
| 505 0# - NOTA DE CONTENIDO CON FORMATO |
| Nota de contenido con formato |
ANEXO 1: reuniones de trabajo de la Comisión para la Verdad y Acceso a la Justicia del caso Ayotzinapa --<br/>Introducción --<br/>1. Reuniones de trabajo de la CoVAJ --<br/>2. Reunión del 15 de diciembre 2023 --<br/>3. Reunión del 3 de enero 2024 --<br/>4. Reunión del 11 de enero 2024 --<br/>5. Reunión del 26 de enero 2024 --<br/>6. Reunión del 7 de febereo 2024 --<br/>7. Reunión del 3 de junio 2024 --<br/>8. Reunión del 3 de julio 2024 --<br/>9. Reunión del 29 de julio 2024 --<br/>10. Reunión del 27 de agosto 2024 |
| 505 0# - NOTA DE CONTENIDO CON FORMATO |
| Nota de contenido con formato |
ANEXO 2: Fichas y bitácoras de búsqueda, hallazgos e identificación genética --<br/>Introducción --<br/>1. Fichas y bitácoras de búsqueda, hallazgos e identificación genética 2023 --<br/>2. Fichas y bitácoras de búsqueda, hallazgos e identificación genética 2024 --<br/>3. Presentaciones bitácoras de búsqueda, hallazgos e identificación genética 2023 --<br/>4. Presentaciones bitácoras de búsqueda, hallazgos e identificación genética 2024 --<br/>5. Diligencia ministerial 1a inspección 2024 --<br/>6. Diligencia ministerial 2a inspección 2024 |
| 505 0# - NOTA DE CONTENIDO CON FORMATO |
| Nota de contenido con formato |
ANEXO 3: Reportes diarios de búsqueda en campo --<br/>Introducción --<br/>1. Reportes diarios de búsqueda 2023 --<br/>2. Reportes diarios de búsqueda 2024 |
| 505 0# - NOTA DE CONTENIDO CON FORMATO |
| Nota de contenido con formato |
ANEXO 4: Reportes diarios de búsqueda en campo 2 --<br/> |
| 505 0# - NOTA DE CONTENIDO CON FORMATO |
| Nota de contenido con formato |
ANEXO 5: Atención y acompañamiento a víctimas --<br/>Introducción --<br/>1. Víctimas reconocidas en el caso --<br/>2. Acciones contempladas en el Plan de Atención y Reparación --<br/>Anexo |
| 520 2# - SUMARIO, ETC. |
| Sumario, etc. |
Este informe tiene como objetivo comunicar a las madres y padres de los 43 estudiantes desaparecidos en Iguala, Guerrero, en los trágicos hechos del 26 y 27 de septiembre de 2014, así como al pueblo de México, los avances para encontrarlos. Además, se detallan las acciones encaminadas para llegar a la verdad, castigar a los responsables y, con ello, lograr justicia. El informe se enfoca en las acciones realizadas por el Gobierno de México, a través de la Comisión para la Verdad y Acceso a la Justicia del Caso Ayotzinapa (CoVAJ), en cinco ejes fundamentales: (1) búsqueda en campo, (2) identificación genética, (3) verdad y justicia, (4) extradiciones y (S) ruptura del pacto de lealtad criminal. También se analiza el impacto de la sentencia del Tribunal Colegiado de Tamaulipas y lo relativo a la petición de las madres y padres en torno a los denominados folios CRFI. |
| 650 12 - PUNTO DE ACCESO ADICIONAL DE MATERIA--TÉRMINO DE MATERIA |
| Término de materia o nombre geográfico como elemento de entrada |
Investigación criminal |
| Subdivisión geográfica |
Ayotzinapa |
| -- |
Guerrero |
| -- |
Iguala |
| Fuente del encabezamiento o término |
atg |
| 9 (RLIN) |
136920 |
| 650 13 - PUNTO DE ACCESO ADICIONAL DE MATERIA--TÉRMINO DE MATERIA |
| Término de materia o nombre geográfico como elemento de entrada |
Desaparición de personas |
| Subdivisión geográfica |
Guerrero |
| Fuente del encabezamiento o término |
atg |
| 9 (RLIN) |
190746 |
| 650 13 - PUNTO DE ACCESO ADICIONAL DE MATERIA--TÉRMINO DE MATERIA |
| Término de materia o nombre geográfico como elemento de entrada |
Estudiantes |
| Subdivisión general |
Crimenes contra |
| Fuente del encabezamiento o término |
atg |
| Subdivisión geográfica |
México |
| -- |
Guerrero |
| 9 (RLIN) |
38489 |
| Subdivisión cronológica |
Siglo XX |
| 650 17 - PUNTO DE ACCESO ADICIONAL DE MATERIA--TÉRMINO DE MATERIA |
| Término de materia o nombre geográfico como elemento de entrada |
Violencia |
| Subdivisión general |
Historia |
| Fuente del encabezamiento o término |
atg |
| Subdivisión geográfica |
México |
| -- |
Guerreo |
| 9 (RLIN) |
119891 |
| Subdivisión cronológica |
Siglo XX |
| 650 13 - PUNTO DE ACCESO ADICIONAL DE MATERIA--TÉRMINO DE MATERIA |
| Término de materia o nombre geográfico como elemento de entrada |
Criminal investigation |
| Subdivisión geográfica |
Ayotzinapa |
| -- |
Guerrero |
| -- |
Iguala |
| Fuente del encabezamiento o término |
atg |
| 9 (RLIN) |
190745 |
| 650 13 - PUNTO DE ACCESO ADICIONAL DE MATERIA--TÉRMINO DE MATERIA |
| Término de materia o nombre geográfico como elemento de entrada |
Disappeared persons |
| Subdivisión geográfica |
Guerrero |
| Fuente del encabezamiento o término |
atg |
| 9 (RLIN) |
190748 |
| 650 13 - PUNTO DE ACCESO ADICIONAL DE MATERIA--TÉRMINO DE MATERIA |
| Término de materia o nombre geográfico como elemento de entrada |
College students |
| Subdivisión general |
Crimes against |
| Subdivisión geográfica |
Mexico |
| -- |
Guerrero |
| Fuente del encabezamiento o término |
atg |
| 9 (RLIN) |
160991 |
| Subdivisión cronológica |
Siglo XX |
| 650 13 - PUNTO DE ACCESO ADICIONAL DE MATERIA--TÉRMINO DE MATERIA |
| Término de materia o nombre geográfico como elemento de entrada |
Violence |
| Subdivisión general |
History |
| Subdivisión geográfica |
Mexico |
| -- |
Guerrero |
| Fuente del encabezamiento o término |
atg |
| 9 (RLIN) |
190749 |
| Subdivisión cronológica |
21st century |
| 710 1# - PUNTO DE ACCESO ADICIONAL--NOMBRE DE ENTIDAD CORPORATIVA |
| Nombre de entidad corporativa o nombre de jurisdicción como elemento de entrada |
México. Secretaría de Gobernación |
| 9 (RLIN) |
77180 |
| Unidad subordinada |
Comisión para la Verdad y Acceso a la Justicia del caso Ayotzinapa |
| 942 ## - ELEMENTOS DE PUNTO DE ACCESO ADICIONAL (KOHA) |
| Fuente del sistema de clasificación o colocación |
Dewey Decimal Classification |
| Tipo de ítem Koha |
Libro |